La dote social : (Record no. 122464)

MARC details
000 -LEADER
campo de control de longitud fija 00705nam a2200193 4500
001 - NÚMERO DE CONTROL
campo de control 122464
003 - IDENTIFICADOR DE NÚMERO DE CONTROL
campo de control ES-MaACL
005 - FECHA Y HORA DE LA ÚLTIMA TRANSACCIÓN
campo de control 20230906192001.0
007 - CAMPO FIJO DE DESCRIPCIÓN FÍSICA--INFORMACIÓN GENERAL
campo de control de longitud fija t|
008 - DATOS DE LONGITUD FIJA--INFORMACIÓN GENERAL
campo de control de longitud fija 070214s1934 sp r ||||1| spa d
100 1# - ENTRADA PRINCIPAL--NOMBRE DE PERSONA
Nombre de persona Puelles y Puelles, Antonio Mª.
9 (RLIN) 94135
245 13 - MENCIÓN DEL TÍTULO
Título La dote social :
Resto del título monografía de derecho constituyente : tesis doctoral /
Mención de responsabilidad, etc. Antonio Mª Puelles y Puelles.
260 ## - PUBLICACIÓN, DISTRIBUCIÓN, ETC.
Lugar de publicación, distribución, etc. Madrid :
Nombre del editor, distribuidor, etc. [s.n.],
Fecha de publicación, distribución, etc. 1934 (
Lugar de fabricación/manufactura Cádiz :
Fabricante Escuela Tip. Salesiana)
300 ## - DESCRIPCIÓN FÍSICA
Extensión 37 p. ;
Dimensiones 17 cm.
502 ## - NOTA DE TESIS
Nota de tesis Tesis doctoral-Univ. de Madrid, Facultad de Derecho, 1914.
650 #4 - PUNTO DE ACCESO ADICIONAL DE MATERIA--TÉRMINO DE MATERIA
Término de materia o nombre geográfico como elemento de entrada Dote-
Subdivisión geográfica España.
9 (RLIN) 173576
710 2# - ENTRADA AGREGADA--NOMBRE DE ENTIDAD CORPORATIVA
Nombre de entidad corporativa o nombre de jurisdicción como elemento de entrada Universidad de Madrid.
Unidad subordinada Facultad de Derecho.
9 (RLIN) 7212
852 ## - LOCALIZACIÓN
Ubicación ES-MaACL
Número de control de estantería 1789-F-11
Holdings
Estatus retirado Estado de pérdida Estado de daño No para préstamo Colección Biblioteca de origen Biblioteca actual Ubicación en estantería Fecha de adquisición Fuente de adquisición Total de préstamos Signatura topográfica completa Código de barras Visto por última vez Precio de reemplazo Tipo de ítem Koha
        Colección de folletos Biblioteca del Ateneo de Madrid Biblioteca del Ateneo de Madrid Depósito folletos 17/01/2008     1789-F-11 1127612 23/02/2023 23/02/2023 Folleto